000 00857nam a22002537a 4500
001 2456
003 FISKH
005 20231208144951.0
008 231208b cb ||||| |||| 00| 0 eng d
020 _a9781404256576
040 _beng
_aFISKH
_cFISKH
_dFISKH
050 _aPZ8.E514
082 _a811.54
100 _aAdams, Colleen
245 _aPlaying in the Snow /
_cColleen Adams
260 _aNew York :
_bNeighborhood Readers,
_c2006.
300 _a8 pages :
_bcolor illustrations ;
_c21 cm
505 _aaa
520 _aFeaturing high-frequency words, pictures that are tightly correlated to the text, and a charming story, this leveled fiction reader will help emerging readers built early literacy skills.
521 8 _a30
_bLexile BR
521 8 _aaa
_bRaz-Plus
650 _aSnowman
_vJuvenile literature
942 _2ddc
_cBK
_n0
999 _c2456
_d2456